000
00305nam a22001457a 4500
003
SGT
020
_a
9780144000265
082
_a
791.43
_b
RAY
100
_a
RAY SATYAJIT
245
_a
SPEAKING OF FILMS
260
_a
INDIA
_c
2020
_b
PENGUIN BOOK PUB.
300
_a
220
650
_a
BJMC
942
_2
ddc
_c
BK
999
_c
32126
_d
32126